The Avant-garde today : an international anthology /

Bibliographic Details
Other Authors: Russell, Charles, 1944-
Format: Book
Language:English
Published: Urbana : University of Illinois Press, [1981]
Subjects:

MARC

Tag First Indicator Second Indicator Subfields
LEADER 00000pam a2200000 a 4500
001 in00000081947
005 20151008055433.0
008 800711s1981 ilua 00000 engm
010 |a  80023922  
020 |a 0252008510 
020 |a 0252008529 (pbk.) 
035 |a (OCoLC)06579827 
035 |9 AAJ3462AM 
040 |a DLC  |c DLC  |d m.c.  |d TXA  |d UtOrBLW 
049 |a TXAM  |c [1361873] 
050 0 0 |a PN6014  |b .A9 
082 0 |a 808.8/0047  |2 19 
245 0 4 |a The Avant-garde today :  |b an international anthology /  |c edited by Charles Russell. 
264 1 |a Urbana :  |b University of Illinois Press,  |c [1981] 
264 4 |c ©1981 
300 |a 269 pages :  |b illustrations ;  |c 21 cm. 
336 |a text  |b txt  |2 rdacontent 
337 |a unmediated  |b n  |2 rdamedia 
338 |a volume  |b nc  |2 rdacarrier 
650 0 |a Literature, Modern  |y 20th century. 
700 1 |a Russell, Charles,  |d 1944- 
999 |a MARS 
999 f f |s 417058b5-9536-33f8-b992-ccc835a02e74  |i 9da3104c-fc12-3b7e-a235-26ca6c7d93af  |t 0 
952 f f |p ric  |a Texas A&M University  |b Rellis Campus  |c Joint Library Facility  |d Remote Storage  |t 0  |e PN6014 .A9  |h Library of Congress classification  |i unmediated -- volume  |m A14806179587 
998 f f |a PN6014 .A9  |t 0  |l Remote Storage